00245nam a2200085Ia 450000100070000000500170000700800410002424500710006526000230013699077020250826221317.0250824s9999 xx 000 0 und d 0aMASKESİZ BEŞLER-2 kırmızı şerifin pençesindecTina Zang bPARODİ YAYINLARI